LEADER 01165nam 2200373 450 001 9910145911703321 005 20021030000000.0 035 $a(CKB)1000000000279016 035 $a(ItFiC)it 02252052 035 $a(EXLCZ)991000000000279016 100 $a20050504d2002 uy 0 101 0 $aita 200 00$aSciacca e l'Europa $eatti del settimo corso della Cattedra Sciacca : Genova, 24 settembre 2001, Madrid, 28 settembre 2001 210 $aFirenze $cL. S. Olschki$d2002 215 $a160 p 225 0$aPubblicazioni del Dipartimento di studi sulla storia del pensiero europeo M. F. Sciacca, Università di Genova.$pSez. Atti ;$v9 300 $aProceedings. 300 $aTexts in Spanish or Italian. 300 $aMichele Federico Sciacca (1908-1975). 311 $a88-222-5148-2 320 $aIncludes bibliographical references. 676 $a195 676 $a809 676 $a850 676 $a193 676 $a248 676 $a194 701 $aOttonello$b Pier Paolo$0202684 801 0$bItFiC 801 1$bItFiC 906 $aBOOK 912 $a9910145911703321 996 $aSciacca e l'Europa$92875515 997 $aUNINA LEADER 02622oas 2201057 a 450 001 9910145048303321 005 20260218112643.0 024 8 $aeb66485566 035 $a(DE-599)ZDB2423816-8 035 $a(OCoLC)213052908 035 $a(CONSER) 2008243249 035 $a(CKB)1000000000389173 035 $a(DE-599)2423816-8 035 $a(EXLCZ)991000000000389173 100 $a20080219b20072009 uy 101 0 $aeng 135 $aur||||||||||| 181 $ctxt$2rdacontent 182 $cc$2rdamedia 183 $acr$2rdacarrier 200 00$aClinical medicine$iCardiology 210 $a[Auckland, N.Z.] $cLibertas Academica$d[2007-2010] 300 $aRefereed/Peer-reviewed 311 08$a1178-1165 517 1 $aCardiology 531 0 $aClin. med., Cardiol. 606 $aCardiology$vPeriodicals 606 $aCardiovascular system$xDiseases$vPeriodicals 606 $aCardiovascular Diseases 606 $aCardiology$3(OCoLC)fstfst00847121 606 $aCardiologie$vPe?riodiques 606 $aAppareil cardiovasculaire$xMaladies$vPe?riodiques 606 $aCardiology$2fast$3(OCoLC)fst00847121 606 $aCardiovascular system$xDiseases$2fast$3(OCoLC)fst00847181 608 $aPeriodical. 608 $aFulltext. 608 $aPeriodicals. 608 $aPeriodicals.$2fast 608 $aPeriodicals.$2lcgft 615 0$aCardiology 615 0$aCardiovascular system$xDiseases 615 12$aCardiovascular Diseases. 615 4$aCardiology. 615 6$aCardiologie 615 6$aAppareil cardiovasculaire$xMaladies 615 7$aCardiology. 615 7$aCardiovascular system$xDiseases. 712 02$aLibertas Academica 801 0$bNLM 801 1$bNLM 801 2$bNLM 801 2$bCDS 801 2$bNLM 801 2$bOCLCQ 801 2$bHEBIS 801 2$bTXA 801 2$bGWDNB 801 2$bCUS 801 2$bOCLCQ 801 2$bGBVCP 801 2$bOCLCF 801 2$bOCLCO 801 2$bOCLCQ 801 2$bOCLCO 801 2$bOCLCQ 801 2$bCASUM 801 2$bOCLCA 801 2$bOCLCO 801 2$bOCLCA 801 2$bWT2 801 2$bOCLCQ 801 2$bOCLCA 801 2$bOCLCQ 801 2$bAU@ 801 2$bOCLCA 801 2$bVT2 801 2$bOCLCQ 801 2$bLDP 801 2$bBWN 801 2$bMM9 801 2$bOCLCQ 801 2$bUEJ 801 2$bOCLCQ 801 2$bAUD 801 2$bOCLCQ 801 2$bOCLCL 801 2$bOCLCQ 906 $aJOURNAL 912 $a9910145048303321 996 $aClinical medicine$9806222 997 $aUNINA